00772nam a22002177a 450000100060000000300080000600500170001400800410003103500190007204000360009104100080012708200220013524500890015724600640024626000480031030000230035833600670038150500500044865000140049870000420051285844BD-RjUL20251013102859.0251013s1954 lon||||| e||| 00| 0 eng d a(BD-RjUL)85844 aBD-RjULbengcBD-RjULdDLCeDLC aeng 223a032bSTB 1954 aThe book of KnowledgecEdited by Gordon Stowell,nAdvisory Edited by J. Edward Mason aA Pictorial Treusury of Reading Reference for Young and old aLondonbThe Waverley book Company LTDc1954 a649 page, c20 cm. 2The Waverley book Company LTDaFarringdonStreet, London E.C.4. aFormatted note Volume-1, 2, 3, 4, 5, 6, 7, 8, aKnowledge aMason, J. Edward, Advisory Edited by